La responsabilidad civil derivada de los daǫs causados por sistemas inteligentes y su aseguramiento Anl̀isis del tratamiento ofrecido por la EU /

Bibliographic Details
Main Author: Ortiz Fernǹdez, Manuel
Format: eBook
Language:Spanish
Published: Madrid: Dykinson, 2021
Subjects:
Online Access:Acceso restringido

MARC

LEADER 00000nam a22000007a 4500
005 20220620162748.0
007 cr|||| |||
008 220620s2021 eu |||||s|||| 00||0 spa d
020 |a 978-84-1377-781-8 
035 |a 36104 
040 |a vLex 
090 |c 13436  |d 13436 
100 1 |a Ortiz Fernǹdez, Manuel 
245 1 2 |a La responsabilidad civil derivada de los daǫs causados por sistemas inteligentes y su aseguramiento  |h [Recurso electrn̤ico] :  |b Anl̀isis del tratamiento ofrecido por la EU /  |c Manuel Ortiz Fernǹdez 
256 |a Servicio en ln̕ea 
260 |a Madrid:  |b Dykinson,  |c 2021 
300 |a 1 recurso electrn̤ico 
500 |a La irrupcin̤ de las nuevas tecnologa̕s y, en concreto, de la denominada inteligencia artificial es un hecho contrastable. A nadie se escapa que, en la actualidad, la implementacin̤ de sistemas que incorporan estas redes neuronales ha aumentado exponencialmente. Este desarrollo se debe a la bs︢queda de mq̀uinas inteligentes y autn̤omas que puedan llevar a cabo tareas que, en principio, estaban reservadas a los seres humanos. En este marco, debemos, pues, afrontar las diversas problemt̀icas derivadas del uso de la inteligencia artificial tratando de ofrecer la respuesta que se presente como ms̀ correcta por acoger al mayor nm︢ero de intereses en juego. En este sentido, el desarrollo de esta tecnologa̕ en ml︢tiples sectores provoca que nos preguntemos si dichos riesgos estara̕n cubiertos por un eventual seguro de responsabilidad o si, por el contrario, requieren de la suscripcin̤ de una modalidad especial. Asimismo, es particularmente complicado concluir quiň es el sujeto responsable, lo que dificulta, ms̀ si cabe, la anterior tarea. Igualmente, debemos reflexionar sobre otras problemt̀icas n̕timamente ligadas, a saber, los criterios de imputacin̤, el recurso a posibles teora̕s que suavicen el onus probandi, la causalidad, etc. De esta forma, pese al m̀bito de aplicacin̤ de la Directiva sobre responsabilidad por productos defectuosos, el marco jurd̕ico vigente no bastara̕ para cubrir los daǫs causados por la nueva generacin̤ de robots. Para ofrecer respuesta a estas cuestiones, se hace necesario analizar los documentos y resoluciones emitidas por las instituciones europeas y sus organismos de apoyo, con el fin de buscar criterios que nos permitan dilucidar las particularidades aplicables a este campo. En particular, cabe destacar la Resolucin̤ del Parlamento Europeo, de 20 de octubre de 2020, la Propuesta de reglamento sobre responsabilidad civil en materia de inteligencia artificial, as ̕como la Propuesta de reglamento del Parlamento Europeo y del Consejo, de 21 de abril de 2021, por el que se establecen normas armonizadas de inteligencia artificial (artificial intelligence act). En definitiva, trataremos de extraer los principios, reglas o valores establecidos por la unin̤ europea en esta materia. 
506 1 |a Disponible solo en los productos indicados  |d vLex Global  |d vLex Global (Academic Edition, excluding Law Schools)  |d vLex Global (U.S. Academic Edition, Law Schools)  |d vLex Global (U.S. Academic Edition, excluding Law Schools)  |d vLex Global (Academic Edition, Law Schools) 
650 0 4 |a Derecho Civil  |z Espaą 
740 0 |a vLex Libros (Servicio en ln̕ea) 
856 4 0 |u https://app.vlex.com/#/sources/36104  |z Acceso restringido 
942 |c BOOK 
999 0 |a Civil Law